000 01084nam a2200253Ia 4500
003 OSt
005 20220923220632.0
006 a|||||r|||| 00| 0
007 ta
008 220922b |||||||| |||| 00| 0 hin d
024 _a188,147
037 _cTextual
040 _aARTS
_cARTS
_bhin
041 _2hin
_ahin
082 _aV4.9B.N, 152L4
100 _aपाथरी, शैलेन्द्र कुमार
_9160049
245 0 _aपूर्व एशिया का संक्षिप्त इतिहास (2 वी शताब्दी )
246 _aPūrva eshiyā kā sankṣpunta itihās (20 vī shatābdī )
260 _aलखनऊ
_b उत्तर प्रदेश हिन्दी ग्रंथ अकामदी
_c1974
300 _a532 पृ.
_ccm.
490 _aउत्तर प्रदेश हिन्दी गं्रथ अकादमी प्रकाशन; 138
942 _hV4.9B.N, 152L4
_cTEXL
_2CC
999 _c341223
_d341223